Statistics for Macaulay Culkin Movies by Clue

Click here to take the quiz!

General Stats

  • This quiz has been taken 27 times
  • The average score is 6 of 11

Answer Stats

HintFilm% Correct
A boy's family goes on vacation without him.Home Alone
100%
A boy is all by himself in the big city.Home Alone 2
96%
The son of billionaire parents is threatened by a plot to steal his family's wealth.Richie Rich
88%
A hypochondriac girl befriends an unpopular boy who is allergic to "everything".My Girl
84%
A bachelor babysits his brother's rebellious daughter and her two younger slblings.Uncle Buck
68%
A young boy stays with his aunt and uncle, but his cousin might be a psychopath.The Good Son
48%
Christmas musical about a wooden figurine that transforms into a princeThe Nutcracker
44%
A boy trapped in a library fights through literary classics come to life to get home.The Pagemaster
40%
An estranged son attempts to spend quality time with his ex-con father.Getting Even with Dad
28%
A devout Christian teenager attempts to "cure" her boyfriend's homosexuality.Saved!
28%
The story of the rise and fall of the "king of the Club Kids" Michael AligParty Monster
24%

Score Distribution

Percentile by Number Answered

Percent of People with Each Score

Your Score History

You have not taken this quiz